00478nam a2200169Ia 4500999001700000003000400017005001700021008004100038040000900079082001500088100002800103245006300131260004900194300000900243650002000252942003600272 c21974d21974OSt20200319121206.0190216s9999||||xx |||||||||||||| ||und|| coclc a297bMOU/I aMoududi, Moulana 92081 0aIslam Adhunikayugathil Oru Vilayiruthal /cMoulana Moududi bIslami Sahitya Prakashan,c1967.aKozhikode: a200p aIslamic Culture cBK2ddch297iMOU/Ik297mMOU/I